|
|
|
|
| LEADER |
00771nab a2200169 i 4500 |
| 001 |
univ64070 |
| 005 |
20221026144125.0 |
| 008 |
221026s2022 hu o 0|| hun d |
| 040 |
|
|
|a SZTE UnivHistória Repozitórium
|b hun
|
| 041 |
|
|
|a hun
|
| 100 |
1 |
|
|a Bod Tamás
|
| 245 |
1 |
2 |
|a A járdára festettek Szegeden a Tisza-parton két horogkeresztet
|h [elektronikus dokumentum] /
|c Bod Tamás
|
| 260 |
|
|
|c 2022-10-25
|
| 490 |
0 |
|
|a Magyarnarancs.hu
|
| 561 |
|
|
|a Egyetemi hirarchívum
|
| 695 |
|
|
|a Szent-Györgyi Albert Klinikai Központ - SZAKK, Gyermekgyógyászati Klinika, Garázdaság - horogkereszt
|
| 856 |
4 |
0 |
|u http://univ.bibl.u-szeged.hu/64070/1/R%C3%B3zsasz%C3%ADn%20horogkereszteket%20festettek%20a%20szegedi%20gyermekklinika%20el%C3%A9%20_%20Magyar%20Narancs.pdf
|z Dokumentum-elérés
|